335 Rappers - Statistics

General Stats
  • This quiz has been taken 1,689 times
  • The average score is 56 of 335
Answer Stats
# Answer % Correct
81 Drake
82%
85 Eminem
82%
298 Tupac Shakur
81%
135 Kanye West
78%
204 The Notorious B.I.G.
77%
137 Kendrick Lamar
75%
155 Lil Wayne
75%
125 Jay-Z
72%
263 Snoop Dogg
70%
80 Dr. Dre
67%
3 50 Cent
66%
111 Ice Cube
65%
319 XXXTentacion
65%
194 Nas
64%
292 Travi$ Scott
62%
200 Nicki Minaj
61%
119 J. Cole
59%
151 Lil B
59%
154 Lil Uzi Vert
59%
98 Future
55%
2 21 Savage
54%
16 A$AP Rocky
53%
45 Cardi B
53%
84 Eazy-E
52%
11 André 3000
47%
24 Beanie Sigel
47%
286 TobyMac
47%
302 Tyler, The Creator
47%
332 Offset
46%
227 Quavo
46%
329 Young Thug
46%
218 Playboi Carti
44%
143 Kodak Black
42%
276 Takeoff
41%
14 A$AP Ferg
40%
156 Lil Yachty
39%
78 DMX
38%
158 LL Cool J
38%
241 Rick Ross
38%
139 Kid Cudi
36%
178 Meek Mill
36%
101 Ghostface Killah
34%
157 Lil' Kim
34%
161 Ludacris
34%
181 Method Man
34%
219 Post Malone
34%
251 Sean Combs
34%
274 T.I.
34%
316 Wiz Khalifa
34%
29 Big Sean
33%
1 2 Chainz
32%
30 Birdman
32%
43 Busta Rhymes
32%
104 Gucci Mane
32%
148 Lauryn Hill
32%
160 Logic
32%
225 Pusha T
32%
231 Rakim
32%
49 Chance the Rapper
31%
50 Chief Keef
30%
71 Denzel Curry
30%
112 Ice-T
30%
248 RZA
30%
28 Big Pun
29%
107 GZA
29%
183 MF Doom
29%
188 Missy Elliott
29%
195 Nate Dogg
29%
250 Schoolboy Q
29%
164 Mac Miller
28%
187 Mike Will Made It
28%
89 Fat Joe
27%
51 Childish Gambino
26%
54 Chris Brown
26%
56 Common
26%
230 Raekwon
26%
234 Redman
26%
100 The Game
26%
301 Tyga
26%
27 Big L
25%
124 Jay Rock
24%
191 Mos Def
24%
273 T-Pain
24%
83 Earl Sweatshirt
23%
131 Joey Bada$$
23%
21 B.o.B
22%
165 Machine Gun Kelly
22%
176 MC Ren
22%
182 Metro Boomin
22%
207 Ol' Dirty Bastard
22%
300 Ty Dolla $ign
22%
58 Coolio
21%
59 Craig Mack
21%
198 Nelly
21%
226 Q-Tip
21%
305 Vanilla Ice
21%
5 A Boogie wit da Hoodie
20%
75 DJ Khaled
20%
153 Lil Jon
20%
113 Iggy Azalea
19%
152 Lil Dicky
19%
221 Prodigy
19%
312 Will Smith
19%
4 Ab-Soul
18%
334 Blu
18%
82 E-40
18%
99 G-Eazy
18%
133 Juicy J
18%
162 Lupe Fiasco
18%
249 Scarface
18%
318 Xzibit
18%
322 YG
18%
327 Young Jeezy
18%
65 Danny Brown
17%
96 French Montana
17%
121 Jadakiss
17%
120 Ja Rule
17%
145 KRS-One
17%
197 Nav
17%
228 Queen Latifah
17%
246 Royce da 5'9
17%
261 Slick Rick
17%
265 Soulja Boy
17%
271 SZA
17%
19 AZ
16%
25 Big Daddy Kane
16%
91 Fetty Wap
16%
166 Macklemore
16%
299 Twista
16%
307 Vince Staples
16%
10 Anderson .Paak
15%
93 Flo Rida
15%
142 Killer Mike
15%
175 MC Hammer
15%
201 Nipsey Hussle
15%
311 Warren G
15%
35 Black Thought
14%
72 Desiigner
14%
122 Jaden Smith
14%
213 Pharrell Williams
14%
252 Sean Paul
14%
279 Tech N9ne
14%
290 Tory Lanez
14%
6 Action Bronson
13%
9 Aminé
13%
216 Pitbull
13%
239 Rich the Kid
13%
313 will.i.am
13%
317 Wyclef Jean
13%
42 Bun B
12%
86 Eve
12%
94 Foxy Brown
12%
138 Kevin Gates
12%
146 Kurupt
12%
277 Talib Kweli
12%
320 Yelawolf
12%
15 A$AP Nast
11%
17 A$AP Yams
11%
36 Bobby Shmurda
11%
44 Cam'ron
11%
174 MC Eiht
11%
223 Proof
11%
238 Rich Homie Quan
11%
310 Wale
11%
23 Bas
10%
26 Big K.R.I.T.
10%
103 Grandmaster Flash
10%
117 Isaiah Rashad
10%
129 Joe Budden
10%
147 Kyle
10%
170 Ma$e
10%
309 Waka Flocka Flame
10%
40 Bryson Tiller
9%
48 Chamillionaire
9%
87 Fabolous
9%
106 Guru
9%
144 Kool G Rap
9%
159 Lloyd Banks
9%
172 Master P
9%
205 Obie Trice
9%
235 Remy Ma
9%
278 Tay-K
9%
284 Timbaland
9%
289 Too $hort
9%
323 Yo Gotti
9%
38 Bow Wow
8%
66 Dave East
8%
70 Del the Funky Homosapien
8%
76 DJ Mustard
8%
118 J Dilla
8%
140 Kid Ink
8%
167 Madlib
8%
210 PartyNextDoor
8%
214 Phife Dawg
8%
215 Pimp C
8%
303 Ugly God
8%
314 Willow Smith
8%
328 Young M.A
8%
37 Boosie Badazz
7%
47 CeeLo Green
7%
92 Flavor Flav
7%
123 Jay Electronica
7%
179 Melle Mel
7%
185 Mike Jones
7%
211 Paul Wall
7%
229 R. Kelly
7%
247 Russ
7%
8 The Alchemist
7%
31 Biz Markie
6%
62 Curren$y
6%
77 DJ Quik
6%
126 Jeremih
6%
132 Juelz Santana
6%
222 Project Pat
6%
243 Rob $tone
6%
268 Styles P
6%
280 Tee Grizzley
6%
288 Tony Yayo
6%
306 Vic Mensa
6%
324 Young Buck
6%
52 Chingy
5%
64 Da Brat
5%
68 Daz Dillinger
5%
69 DeJ Loaf
5%
90 Fergie
5%
128 Jim Jones
5%
168 Mannie Fresh
5%
171 Masta Ace
5%
217 Plies
5%
245 Romeo Miller
5%
254 Shaquille O'Neal
5%
269 Swizz Beatz
5%
293 Trick Daddy
5%
296 Trinidad James
5%
20 Azealia Banks
4%
32 Bizzy Bone
4%
57 Consequence
4%
95 Freeway
4%
130 Joell Ortiz
4%
199 Nick Cannon
4%
202 No Malice
4%
193 N.O.R.E.
4%
212 Pharoahe Monch
4%
224 PSY
4%
260 Sir Mix-a-Lot
4%
262 Slim Thug
4%
330 Yung Joc
4%
33 BJ the Chicago Kid
3%
39 Brother Ali
3%
60 Crooked I
3%
79 Doug E. Fresh
3%
110 Hittman
3%
127 Jermaine Dupri
3%
136 Kap G
3%
134 K Camp
3%
141 Kid Rock
3%
150 Lil Bibby
3%
177 MC Shan
3%
180 Memphis Bleek
3%
192 Mystikal
3%
203 Noname
3%
208 Omarion
3%
209 Papoose
3%
242 Riff Raff
3%
257 Sheek Louch
3%
270 Syd tha Kyd
3%
282 The-Dream
3%
295 Trina
3%
7 Afrika Bambaataa
2%
18 Asher Roth
2%
34 Black Rob
2%
46 Cassidy
2%
55 CL Smooth
2%
67 David Banner
2%
73 Devin the Dude
2%
74 Dizzee Rascal
2%
102 Giggs
2%
105 Gudda Gudda
2%
109 Hit-Boy
2%
149 Lecrae
2%
169 Marley Marl
2%
173 Max B
2%
184 Mike G
2%
196 Nature
2%
206 OJ da Juiceman
2%
237 Rich Chigga
2%
253 Sean Price
2%
258 Shyne
2%
259 Silentó
2%
275 Taio Cruz
2%
281 Teyana Taylor
2%
283 Theophilus London
2%
285 Tinie Tempah
2%
294 Trick-Trick
2%
308 Vinnie Paz
2%
321 YFN Lucci
2%
326 Young Dro
2%
12 Andy Mineo
1%
41 Buckshot
1%
53 Chinx
1%
61 CupcakKe
1%
63 Cyhi the Prynce
1%
97 Funkmaster Flex
1%
108 Hi-Tek
1%
114 iHeartMemphis
1%
115 Ill Bill
1%
116 iLoveMakonnen
1%
163 Mac Lethal
1%
190 Mopreme Shakur
1%
220 Problem
1%
232 Really Doe
1%
236 Rich Boy
1%
240 Richie Rich
1%
256 Shawty Lo
1%
264 Sonny Digital
1%
266 Southside
1%
291 Trae tha Truth
1%
297 Troy Ave
1%
304 Uncle Murda
1%
315 Wish Bone
1%
13 Angie Martinez
0%
22 Bangladesh
0%
335 Big Moe
0%
88 Fam-Lay
0%
333 Lil Debbie
0%
186 Mike Stud
0%
189 Mitchy Slick
0%
233 Red Café
0%
244 Rockie Fresh
0%
255 Shawnna
0%
267 Starlito
0%
272 T-Bone
0%
287 Tonedeff
0%
325 Young Chop
0%
331 YZ
0%
No matching quizzes found
Score Distribution
Percent of People with Each Score
Percentile by Number Answered
Your Score History
You have not taken this quiz